000 00385cam a2200145ua 4500
041 _aeng
_h
082 _a823.308
_bSAL/RA
100 _aSalinger, J D .
245 _aRaise high the roof beam carpenters:seymour an introduction /
_cJ D Salinger.
_hTextual Documents
260 _a :
_bPenquin books ,
_c1959.
300 _a156 ; .
504 _a
942 _cBK
999 _c4151
_d4151